Robustness of the Entry's Effect on the Intensity of Competition in Pharmacy Retail Market diplomová práca

Na minha lista:
Detalhes bibliográficos
Autor principal: Šimčisko, Juraj, 2000-
Autor Corporativo: Národohospodárska fakulta EU. Katedra hospodárskej politiky
Outros Autores: Kališ, Richard, 1991-
Formato: Livro
Idioma:inglês
Publicado em: Bratislava 2024
Tags: Adicionar Tag
Sem tags, seja o primeiro a adicionar uma tag!

MARC

LEADER 00000nbm a2200000 4500
001 0300797
005 20241111132345.4
041 0 |a eng 
044 |a SK 
245 1 0 |a Robustness of the Entry's Effect on the Intensity of Competition in Pharmacy Retail Market  |b diplomová práca  |c Juraj Šimčisko ; školiteľ: Richard Kališ 
264 1 |a Bratislava  |c 2024 
300 |a 73 s. 
100 1 |a Šimčisko, Juraj, 2000- 
700 1 |a Kališ, Richard, 1991- 
710 2 |a Národohospodárska fakulta EU. Katedra hospodárskej politiky